| 000 | 00974nam a2200229 a 4500 | ||
|---|---|---|---|
| 001 | 38164 | ||
| 003 | BD-RjUL | ||
| 005 | 20211209052736.0 | ||
| 008 | 150919s2003 ii ||||| |||| 00| 0 ben d | ||
| 035 | _a(BD-RjUL)38269 | ||
| 040 |
_aBD-RjUL _bben _cBD-RjUL |
||
| 041 | _aben | ||
| 082 |
_223 _a891.44109 _bMUM 2003 |
||
| 100 |
_aমুখোপাধ্যায়, দুর্গাশঙ্কর _9118070 |
||
| 245 | 1 | 0 |
_aমোহিতলালের কাব্য ও কবিমানস / _cদুর্গাশঙ্কর মুখোপাধ্যায় |
| 250 | _a৩য় সং. [পরিবর্ধিত ও পরিমার্জিত] | ||
| 260 |
_aকলকাতা : _bকরুনা প্রকাশনী, _c২০০৩ |
||
| 300 |
_axxxi, ৩৯২ পৃ.; _c২১ সেমি. |
||
| 504 | _aIncludes bibliographies | ||
| 600 |
_aMajumdar, Mohitlal, _y1888-1952 _xCriticism and interpretation _9118082 |
||
| 942 |
_2ddc _cBK _01 |
||
| 999 |
_c38164 _d38164 |
||